[Event "DEM U10 2023"]
[Site "Willingen GER"]
[Date "2023.05.28"]
[Round "2"]
[White "Gersemann, Karl"]
[Black "Wagener, Nicolas"]
[Result "1/2-1/2"]
[Termination "normal"]
[Board "6"]
[WhiteElo "1751"]
[BlackElo "1506"]
[WhiteClock "00:54:53"]
[BlackClock "00:49:12"]
[PlyCount "136"]
[WhiteFideId "34602186"]
[BlackFideId "34607935"]
[EventCountry "GER"]
[EventRounds "11"]
[EventType "swiss"]
[EventDate "2023.05.27"]

1. e4 {[%clk 01:15:39]} {[%emt 00:00:20]} c5 {[%clk 01:15:49]} {[%emt
00:00:11]} 2. Nf3 {[%clk 01:15:44]} {[%emt 00:00:24]} e6 {[%clk 01:16:09]}
{[%emt 00:00:11]} 3. d4 {[%clk 01:14:56]} {[%emt 00:01:18]} cxd4 {[%clk
01:16:29]} {[%emt 00:00:10]} 4. Nxd4 {[%clk 01:14:48]} {[%emt 00:00:37]} Nf6
{[%clk 01:16:23]} {[%emt 00:00:37]} 5. Bd3 {[%clk 01:14:38]} {[%emt 00:00:40]}
a6 {[%clk 01:16:37]} {[%emt 00:00:16]} 6. Nc3 {[%clk 01:14:20]} {[%emt
00:00:46]} Bb4 {[%clk 01:16:38]} {[%emt 00:00:31]} 7. Bd2 {[%clk 01:13:41]}
{[%emt 00:01:08]} Nc6 {[%clk 01:16:08]} {[%emt 00:01:01]} 8. Nxc6 {[%clk
01:13:21]} {[%emt 00:00:50]} bxc6 {[%clk 01:16:30]} {[%emt 00:00:07]} 9. e5
{[%clk 01:13:07]} {[%emt 00:00:44]} Bxc3 {[%clk 01:15:39]} {[%emt 00:01:22]}
10. bxc3 {[%clk 01:12:29]} {[%emt 00:01:08]} Nd5 {[%clk 01:15:48]} {[%emt
00:00:21]} 11. Qg4 {[%clk 01:11:29]} {[%emt 00:01:30]} g6 {[%clk 01:14:52]}
{[%emt 00:01:26]} 12. c4 {[%clk 01:10:53]} {[%emt 00:01:06]} Qc7 {[%clk
01:14:50]} {[%emt 00:00:33]} 13. f4 {[%clk 01:10:29]} {[%emt 00:00:53]} Ne7
{[%clk 01:14:16]} {[%emt 00:01:03]} 14. Bb4 {[%clk 01:09:02]} {[%emt 00:01:56]}
c5 {[%clk 01:14:26]} {[%emt 00:00:22]} 15. Bc3 {[%clk 01:08:58]} {[%emt
00:00:32]} Bb7 {[%clk 01:14:06]} {[%emt 00:00:51]} 16. O-O {[%clk 01:07:46]}
{[%emt 00:01:43]} O-O {[%clk 01:13:33]} {[%emt 00:01:03]} 17. Rae1 {[%clk
01:06:48]} {[%emt 00:01:25]} h5 {[%clk 01:11:37]} {[%emt 00:02:29]} 18. Qg5
{[%clk 01:06:47]} {[%emt 00:00:30]} Qd8 {[%clk 01:03:58]} {[%emt 00:08:09]} 19.
Re3 {[%clk 01:03:51]} {[%emt 00:03:26]} Nf5 {[%clk 01:03:29]} {[%emt 00:00:59]}
20. Qxd8 {[%clk 01:03:23]} {[%emt 00:00:59]} Rfxd8 {[%clk 01:03:16]} {[%emt
00:00:43]} 21. Bxf5 {[%clk 01:03:38]} {[%emt 00:00:14]} exf5 {[%clk 01:03:28]}
{[%emt 00:00:18]} 22. Ba5 {[%clk 01:03:48]} {[%emt 00:00:20]} Re8 {[%clk
01:03:43]} {[%emt 00:00:15]} 23. Rd1 {[%clk 01:03:14]} {[%emt 00:01:04]} Re7
{[%clk 01:03:33]} {[%emt 00:00:41]} 24. Red3 {[%clk 01:01:30]} {[%emt
00:02:14]} Bc6 {[%clk 01:03:36]} {[%emt 00:00:27]} 25. Bb6 {[%clk 01:01:28]}
{[%emt 00:00:32]} Rb8 {[%clk 01:03:34]} {[%emt 00:00:30]} 26. Bxc5 {[%clk
01:01:44]} {[%emt 00:00:16]} Re6 {[%clk 01:03:56]} {[%emt 00:00:07]} 27. Rb3
{[%clk 01:01:40]} {[%emt 00:00:31]} Rc8 {[%clk 01:04:10]} {[%emt 00:00:19]} 28.
Rdb1 {[%clk 00:59:56]} {[%emt 00:02:15]} Bxg2 {[%clk 01:03:27]} {[%emt
00:01:13]} 29. Rb8 {[%clk 01:00:04]} {[%emt 00:00:21]} Rec6 {[%clk 01:03:53]}
{[%emt 00:00:05]} 30. Kxg2 {[%clk 00:57:57]} {[%emt 00:02:36]} Rxc5 {[%clk
01:04:16]} {[%emt 00:00:07]} 31. Rxc8+ {[%clk 00:58:08]} {[%emt 00:00:19]} Rxc8
{[%clk 01:04:40]} {[%emt 00:00:06]} 32. Rb4 {[%clk 00:58:31]} {[%emt 00:00:06]}
a5 {[%clk 01:04:18]} {[%emt 00:00:54]} 33. Ra4 {[%clk 00:58:54]} {[%emt
00:00:08]} f6 {[%clk 01:04:06]} {[%emt 00:00:42]} 34. exf6 {[%clk 00:58:35]}
{[%emt 00:00:48]} Kf7 {[%clk 01:04:26]} {[%emt 00:00:10]} 35. Kf3 {[%clk
00:58:45]} {[%emt 00:00:20]} Kxf6 {[%clk 01:04:44]} {[%emt 00:00:13]} 36. Ke3
{[%clk 00:58:56]} {[%emt 00:00:19]} Re8+ {[%clk 01:04:34]} {[%emt 00:00:39]}
37. Kd3 {[%clk 00:58:42]} {[%emt 00:00:44]} Re4 {[%clk 01:04:38]} {[%emt
00:00:26]} 38. Rxa5 {[%clk 00:59:01]} {[%emt 00:00:11]} Rxf4 {[%clk 01:05:01]}
{[%emt 00:00:07]} 39. Rd5 {[%clk 00:58:48]} {[%emt 00:00:42]} Ke6 {[%clk
01:05:07]} {[%emt 00:00:22]} 40. a4 {[%clk 00:58:45]} {[%emt 00:00:36]} Rf2
{[%clk 01:04:01]} {[%emt 00:01:36]} 41. a5 {[%clk 00:56:44]} {[%emt 00:02:31]}
Rxh2 {[%clk 01:04:25]} {[%emt 00:00:06]} 42. Kc3 {[%clk 00:56:28]} {[%emt
00:00:41]} Rh1 {[%clk 01:04:11]} {[%emt 00:00:49]} 43. Kb2 {[%clk 00:56:44]}
{[%emt 00:00:14]} Rh4 {[%clk 01:02:37]} {[%emt 00:02:03]} 44. Kb3 {[%clk
00:56:45]} {[%emt 00:00:30]} Re4 {[%clk 00:58:10]} {[%emt 00:04:56]} 45. a6
{[%clk 00:56:33]} {[%emt 00:00:43]} Kf6 {[%clk 00:58:22]} {[%emt 00:00:18]} 46.
Rxd7 {[%clk 00:56:04]} {[%emt 00:00:59]} Re8 {[%clk 00:58:43]} {[%emt
00:00:09]} 47. c5 {[%clk 00:55:21]} {[%emt 00:01:12]} h4 {[%clk 00:57:37]}
{[%emt 00:01:37]} 48. a7 {[%clk 00:55:07]} {[%emt 00:00:44]} h3 {[%clk
00:57:53]} {[%emt 00:00:08]} 49. Rh7 {[%clk 00:54:46]} {[%emt 00:00:56]} Ra8
{[%clk 00:58:13]} {[%emt 00:00:11]} 50. Kb4 {[%clk 00:54:35]} {[%emt 00:00:41]}
h2 {[%clk 00:58:20]} {[%emt 00:00:23]} 51. Kb5 {[%clk 00:54:21]} {[%emt
00:00:44]} Rxa7 {[%clk 00:58:42]} {[%emt 00:00:08]} 52. Rxh2 {[%clk 00:54:43]}
{[%emt 00:00:07]} Ke6 {[%clk 00:56:33]} {[%emt 00:02:40]} 53. Kb6 {[%clk
00:55:03]} {[%emt 00:00:10]} Ra4 {[%clk 00:55:28]} {[%emt 00:01:34]} 54. c6
{[%clk 00:54:45]} {[%emt 00:00:48]} Rb4+ {[%clk 00:55:09]} {[%emt 00:00:50]}
55. Kc7 {[%clk 00:54:56]} {[%emt 00:00:18]} f4 {[%clk 00:49:03]} {[%emt
00:06:37]} 56. Rd2 {[%clk 00:54:02]} {[%emt 00:01:23]} g5 {[%clk 00:48:35]}
{[%emt 00:00:59]} 57. Rd6+ {[%clk 00:53:59]} {[%emt 00:00:32]} Ke5 {[%clk
00:48:35]} {[%emt 00:00:30]} 58. Kd7 {[%clk 00:54:05]} {[%emt 00:00:25]} Rc4
{[%clk 00:48:46]} {[%emt 00:00:19]} 59. c7 {[%clk 00:53:56]} {[%emt 00:00:39]}
Rxc7+ {[%clk 00:47:29]} {[%emt 00:01:47]} 60. Kxc7 {[%clk 00:54:20]} {[%emt
00:00:06]} f3 {[%clk 00:47:47]} {[%emt 00:00:11]} 61. c4 {[%clk 00:53:50]}
{[%emt 00:01:01]} f2 {[%clk 00:47:58]} {[%emt 00:01:22]} 62. Rd1 {[%clk
00:54:12]} {[%emt 00:00:07]} g4 {[%clk 00:48:18]} {[%emt 00:00:10]} 63. c5
{[%clk 00:54:04]} {[%emt 00:00:38]} g3 {[%clk 00:48:43]} {[%emt 00:00:06]} 64.
c6 {[%clk 00:54:09]} {[%emt 00:00:24]} g2 {[%clk 00:49:04]} {[%emt 00:00:09]}
65. Kb8 {[%clk 00:53:45]} {[%emt 00:00:54]} g1=Q {[%clk 00:48:37]} {[%emt
00:00:57]} 66. Rxg1 {[%clk 00:54:10]} {[%emt 00:00:05]} fxg1=Q {[%clk
00:48:55]} {[%emt 00:00:12]} 67. c7 {[%clk 00:54:29]} {[%emt 00:00:12]} Qb6+
{[%clk 00:49:12]} {[%emt 00:00:12]} 68. Ka8 {[%clk 00:54:53]} {[%emt 00:00:06]}
Qxc7 {[%emt 00:00:43]} 1/2-1/2

[Event "DEM U10 2023"]
[Site "Willingen GER"]
[Date "2023.05.28"]
[Round "2"]
[White "Serwane, Ruben"]
[Black "Menke, Raphael Wilhelm"]
[Result "1/2-1/2"]
[Termination "normal"]
[Board "7"]
[WhiteElo "1489"]
[BlackElo "1884"]
[WhiteClock "00:47:45"]
[BlackClock "01:01:50"]
[PlyCount "103"]
[WhiteFideId "34660232"]
[BlackFideId "34621008"]
[EventCountry "GER"]
[EventRounds "11"]
[EventType "swiss"]
[EventDate "2023.05.27"]

1. e4 {[%clk 01:15:57]} {[%emt 00:00:02]} e5 {[%clk 01:15:56]} {[%emt
00:00:05]} 2. Nf3 {[%clk 01:16:23]} {[%emt 00:00:05]} Nc6 {[%clk 01:16:21]}
{[%emt 00:00:04]} 3. Bc4 {[%clk 01:16:47]} {[%emt 00:00:06]} Bc5 {[%clk
01:16:43]} {[%emt 00:00:08]} 4. c3 {[%clk 01:17:08]} {[%emt 00:00:09]} Nf6
{[%clk 01:17:07]} {[%emt 00:00:06]} 5. d4 {[%clk 01:17:35]} {[%emt 00:00:04]}
exd4 {[%clk 01:16:49]} {[%emt 00:00:48]} 6. cxd4 {[%clk 01:17:56]} {[%emt
00:00:08]} Bb4+ {[%clk 01:17:07]} {[%emt 00:00:12]} 7. Nc3 {[%clk 01:18:21]}
{[%emt 00:00:05]} Nxe4 {[%clk 01:17:29]} {[%emt 00:00:08]} 8. O-O {[%clk
01:18:45]} {[%emt 00:00:07]} Bxc3 {[%clk 01:17:44]} {[%emt 00:00:15]} 9. d5
{[%clk 01:19:09]} {[%emt 00:00:06]} Bf6 {[%clk 01:18:07]} {[%emt 00:00:07]} 10.
dxc6 {[%clk 01:18:52]} {[%emt 00:00:47]} bxc6 {[%clk 01:18:29]} {[%emt
00:00:08]} 11. Qc2 {[%clk 01:18:13]} {[%emt 00:01:10]} d5 {[%clk 01:17:10]}
{[%emt 00:01:48]} 12. Bd3 {[%clk 01:18:31]} {[%emt 00:00:11]} O-O {[%clk
01:17:04]} {[%emt 00:00:36]} 13. Bxe4 {[%clk 01:18:38]} {[%emt 00:00:23]} dxe4
{[%clk 01:17:20]} {[%emt 00:00:14]} 14. Qxe4 {[%clk 01:18:52]} {[%emt
00:00:16]} Qd5 {[%clk 01:17:16]} {[%emt 00:00:32]} 15. Re1 {[%clk 01:18:02]}
{[%emt 00:01:23]} Qxe4 {[%clk 01:16:46]} {[%emt 00:01:00]} 16. Rxe4 {[%clk
01:16:07]} {[%emt 00:02:24]} Rb8 {[%clk 01:16:54]} {[%emt 00:00:22]} 17. Ra4
{[%clk 01:14:15]} {[%emt 00:02:21]} a6 {[%clk 01:16:04]} {[%emt 00:01:21]} 18.
Nd4 {[%clk 01:12:50]} {[%emt 00:01:56]} Bd7 {[%clk 01:13:42]} {[%emt 00:02:51]}
19. Rc4 {[%clk 01:10:47]} {[%emt 00:02:34]} Rfe8 {[%clk 01:11:40]} {[%emt
00:02:32]} 20. f3 {[%clk 01:05:40]} {[%emt 00:05:36]} c5 {[%clk 01:11:02]}
{[%emt 00:01:08]} 21. Nc2 {[%clk 01:02:46]} {[%emt 00:03:24]} Bxb2 {[%clk
01:08:55]} {[%emt 00:02:37]} 22. Bxb2 {[%clk 01:01:52]} {[%emt 00:01:24]} Rxb2
{[%clk 01:09:09]} {[%emt 00:00:16]} 23. Rxc5 {[%clk 01:01:35]} {[%emt
00:00:47]} Re2 {[%clk 01:09:17]} {[%emt 00:00:21]} 24. Ne1 {[%clk 01:00:45]}
{[%emt 00:01:21]} Rxa2 {[%clk 01:09:11]} {[%emt 00:00:37]} 25. Rxa2 {[%clk
01:00:58]} {[%emt 00:00:16]} Rxa2 {[%clk 01:09:32]} {[%emt 00:00:10]} 26. Rxc7
{[%clk 01:01:19]} {[%emt 00:00:09]} Be6 {[%clk 01:09:56]} {[%emt 00:00:06]} 27.
Nd3 {[%clk 01:00:46]} {[%emt 00:01:02]} g6 {[%clk 01:09:47]} {[%emt 00:00:40]}
28. Nf4 {[%clk 01:00:27]} {[%emt 00:00:48]} Bf5 {[%clk 01:09:18]} {[%emt
00:01:00]} 29. g4 {[%clk 00:59:29]} {[%emt 00:01:28]} Bc2 {[%clk 01:08:35]}
{[%emt 00:01:06]} 30. Nd5 {[%clk 00:58:02]} {[%emt 00:02:03]} h6 {[%clk
01:05:26]} {[%emt 00:03:39]} 31. Nb4 {[%clk 00:58:16]} {[%emt 00:00:17]} Ra1+
{[%clk 01:05:51]} {[%emt 00:00:06]} 32. Kf2 {[%clk 00:58:12]} {[%emt 00:00:32]}
Bb3 {[%clk 01:06:05]} {[%emt 00:00:12]} 33. Nc6 {[%clk 00:50:30]} {[%emt
00:08:16]} a5 {[%clk 01:04:01]} {[%emt 00:02:35]} 34. Nd4 {[%clk 00:50:07]}
{[%emt 00:00:52]} a4 {[%clk 01:03:22]} {[%emt 00:01:10]} 35. Ra7 {[%clk
00:48:35]} {[%emt 00:02:02]} Bc4 {[%clk 01:02:06]} {[%emt 00:01:43]} 36. Kg3
{[%clk 00:46:32]} {[%emt 00:02:36]} a3 {[%clk 01:01:55]} {[%emt 00:00:41]} 37.
Nc2 {[%clk 00:46:16]} {[%emt 00:00:45]} Rg1+ {[%clk 01:01:52]} {[%emt
00:00:33]} 38. Kf2 {[%clk 00:46:23]} {[%emt 00:00:23]} Rf1+ {[%clk 01:02:07]}
{[%emt 00:00:15]} 39. Kg2 {[%clk 00:46:42]} {[%emt 00:00:10]} a2 {[%clk
01:00:59]} {[%emt 00:01:39]} 40. Rxa2 {[%clk 00:46:23]} {[%emt 00:00:50]} Bxa2
{[%clk 01:00:30]} {[%emt 00:00:58]} 41. Kxf1 {[%clk 00:46:44]} {[%emt
00:00:09]} g5 {[%clk 01:00:44]} {[%emt 00:00:14]} 42. Ne3 {[%clk 00:46:30]}
{[%emt 00:00:46]} Be6 {[%clk 01:01:02]} {[%emt 00:00:12]} 43. Kg2 {[%clk
00:46:43]} {[%emt 00:00:17]} Kg7 {[%clk 01:01:21]} {[%emt 00:00:11]} 44. Kg3
{[%clk 00:47:01]} {[%emt 00:00:11]} Kf6 {[%clk 01:01:39]} {[%emt 00:00:12]} 45.
h4 {[%clk 00:46:49]} {[%emt 00:00:44]} Ke5 {[%clk 01:01:33]} {[%emt 00:00:35]}
46. Ng2 {[%clk 00:46:27]} {[%emt 00:00:50]} f6 {[%clk 01:01:33]} {[%emt
00:00:32]} 47. hxg5 {[%clk 00:46:44]} {[%emt 00:00:14]} hxg5 {[%clk 01:01:09]}
{[%emt 00:00:53]} 48. f4+ {[%clk 00:46:59]} {[%emt 00:00:15]} Ke4 {[%clk
01:01:31]} {[%emt 00:00:08]} 49. fxg5 {[%clk 00:46:47]} {[%emt 00:00:42]} fxg5
{[%clk 01:01:40]} {[%emt 00:00:21]} 50. Nh4 {[%clk 00:46:58]} {[%emt 00:00:19]}
gxh4+ {[%clk 01:01:28]} {[%emt 00:00:42]} 51. Kxh4 {[%clk 00:47:22]} {[%emt
00:00:06]} Bxg4 {[%clk 01:01:50]} {[%emt 00:00:07]} 52. Kxg4 {[%clk 00:47:45]}
{[%emt 00:00:08]} 1/2-1/2

[Event "DEM U10 2023"]
[Site "Willingen GER"]
[Date "2023.05.28"]
[Round "2"]
[White "Belin, Anton"]
[Black "Andersen, Jonathan"]
[Result "1-0"]
[Termination "normal"]
[Board "8"]
[WhiteElo "1662"]
[BlackElo "1494"]
[WhiteClock "01:07:23"]
[BlackClock "01:02:56"]
[PlyCount "99"]
[WhiteFideId "34610952"]
[BlackFideId "34623884"]
[EventCountry "GER"]
[EventRounds "11"]
[EventType "swiss"]
[EventDate "2023.05.27"]

1. e4 {[%clk 01:15:59]} {[%emt 02:58:47]} e5 {[%clk 01:15:56]} {[%emt
00:00:04]} 2. Nf3 {[%clk 01:16:27]} {[%emt 00:00:02]} Nc6 {[%clk 01:16:22]}
{[%emt 00:00:04]} 3. Bc4 {[%clk 01:16:50]} {[%emt 00:00:07]} Be7 {[%clk
01:16:47]} {[%emt 00:00:05]} 4. d4 {[%clk 01:17:05]} {[%emt 00:00:15]} exd4
{[%clk 01:17:12]} {[%emt 00:00:05]} 5. Nxd4 {[%clk 01:17:16]} {[%emt 00:00:18]}
d6 {[%clk 01:17:17]} {[%emt 00:00:25]} 6. Nxc6 {[%clk 01:16:37]} {[%emt
00:01:09]} bxc6 {[%clk 01:17:43]} {[%emt 00:00:05]} 7. O-O {[%clk 01:16:59]}
{[%emt 00:00:09]} Nf6 {[%clk 01:18:03]} {[%emt 00:00:10]} 8. Nc3 {[%clk
01:17:05]} {[%emt 00:00:23]} O-O {[%clk 01:18:20]} {[%emt 00:00:13]} 9. f3
{[%clk 01:16:33]} {[%emt 00:01:03]} Be6 {[%clk 01:18:36]} {[%emt 00:00:14]} 10.
Bb3 {[%clk 01:16:30]} {[%emt 00:00:33]} d5 {[%clk 01:18:46]} {[%emt 00:00:20]}
11. e5 {[%clk 01:15:21]} {[%emt 00:01:38]} Nd7 {[%clk 01:19:04]} {[%emt
00:00:13]} 12. f4 {[%clk 01:15:45]} {[%emt 00:00:05]} Bf5 {[%clk 01:18:33]}
{[%emt 00:01:01]} 13. h3 {[%clk 01:15:03]} {[%emt 00:01:13]} Bc5+ {[%clk
01:18:55]} {[%emt 00:00:07]} 14. Kh1 {[%clk 01:15:11]} {[%emt 00:00:21]} Qh4
{[%clk 01:19:12]} {[%emt 00:00:13]} 15. Qf3 {[%clk 01:14:58]} {[%emt 00:00:43]}
Rfe8 {[%clk 01:18:45]} {[%emt 00:00:57]} 16. Bd2 {[%clk 01:14:31]} {[%emt
00:00:57]} Re6 {[%clk 01:19:01]} {[%emt 00:00:15]} 17. Be1 {[%clk 01:14:21]}
{[%emt 00:00:40]} Qh6 {[%clk 01:19:01]} {[%emt 00:00:30]} 18. g4 {[%clk
01:14:14]} {[%emt 00:00:37]} Be4 {[%clk 01:18:56]} {[%emt 00:00:35]} 19. Nxe4
{[%clk 01:14:20]} {[%emt 00:00:24]} dxe4 {[%clk 01:19:20]} {[%emt 00:00:06]}
20. Qg3 {[%clk 01:14:33]} {[%emt 00:00:17]} Re7 {[%clk 01:18:32]} {[%emt
00:01:19]} 21. Bd2 {[%clk 01:14:24]} {[%emt 00:00:38]} Kh8 {[%clk 01:17:09]}
{[%emt 00:01:53]} 22. Rad1 {[%clk 01:13:35]} {[%emt 00:01:19]} f6 {[%clk
01:15:51]} {[%emt 00:01:49]} 23. e6 {[%clk 01:12:38]} {[%emt 00:01:26]} Nf8
{[%clk 01:15:50]} {[%emt 00:00:31]} 24. g5 {[%clk 01:12:07]} {[%emt 00:01:01]}
Qh5 {[%clk 01:15:00]} {[%emt 00:01:20]} 25. gxf6 {[%clk 01:12:13]} {[%emt
00:00:24]} gxf6 {[%clk 01:15:12]} {[%emt 00:00:17]} 26. Bc3 {[%clk 01:11:57]}
{[%emt 00:00:47]} Qh6 {[%clk 01:13:19]} {[%emt 00:02:23]} 27. f5 {[%clk
01:11:38]} {[%emt 00:00:48]} Rg7 {[%clk 01:13:03]} {[%emt 00:00:46]} 28. Qh2
{[%clk 01:09:48]} {[%emt 00:02:20]} Bd6 {[%clk 01:13:10]} {[%emt 00:00:24]} 29.
Rxd6 {[%clk 01:09:15]} {[%emt 00:01:03]} cxd6 {[%emt 00:00:06]} 30. Rf4 {[%emt
00:03:28]} d5 {[%clk 01:09:22]} {[%emt 00:00:44]} 31. Rg4 {[%clk 01:08:23]}
{[%emt 00:01:22]} Rxg4 {[%clk 01:09:29]} {[%emt 00:00:22]} 32. hxg4 {[%clk
01:08:46]} {[%emt 00:00:08]} Qxh2+ {[%clk 01:05:53]} {[%emt 00:04:06]} 33. Kxh2
{[%clk 01:09:09]} {[%emt 00:00:06]} h6 {[%clk 01:05:20]} {[%emt 00:01:04]} 34.
Bxf6+ {[%clk 01:08:19]} {[%emt 00:01:20]} Kg8 {[%clk 01:05:33]} {[%emt
00:00:17]} 35. c4 {[%clk 01:08:22]} {[%emt 00:00:27]} Nh7 {[%clk 01:05:39]}
{[%emt 00:00:23]} 36. Bd4 {[%clk 01:08:07]} {[%emt 00:00:46]} Ng5 {[%clk
01:05:36]} {[%emt 00:00:33]} 37. Bf6 {[%clk 01:07:07]} {[%emt 00:01:29]} Nf3+
{[%clk 01:04:53]} {[%emt 00:01:14]} 38. Kg3 {[%clk 01:07:05]} {[%emt 00:00:32]}
Nd2 {[%clk 01:05:12]} {[%emt 00:00:10]} 39. cxd5 {[%clk 01:06:47]} {[%emt
00:00:49]} Nxb3 {[%clk 01:05:06]} {[%emt 00:00:36]} 40. d6 {[%clk 01:06:47]}
{[%emt 00:00:30]} Nc5 {[%clk 01:04:42]} {[%emt 00:00:54]} 41. d7 {[%clk
01:07:06]} {[%emt 00:00:11]} e3 {[%clk 01:03:55]} {[%emt 00:01:17]} 42. Be7
{[%clk 01:06:20]} {[%emt 00:01:16]} Nd3 {[%clk 01:02:07]} {[%emt 00:02:19]} 43.
Kf3 {[%clk 01:05:54]} {[%emt 00:00:56]} Ne5+ {[%clk 01:02:06]} {[%emt
00:00:30]} 44. Kxe3 {[%clk 01:06:19]} {[%emt 00:00:06]} Nxg4+ {[%clk 01:02:30]}
{[%emt 00:00:05]} 45. Kf4 {[%clk 01:06:34]} {[%emt 00:00:15]} Nf2 {[%clk
01:02:08]} {[%emt 00:00:52]} 46. f6 {[%clk 01:06:49]} {[%emt 00:00:15]} Nd3+
{[%clk 01:02:26]} {[%emt 00:00:12]} 47. Kf5 {[%clk 01:07:03]} {[%emt 00:00:15]}
Nxb2 {[%clk 01:02:19]} {[%emt 00:00:38]} 48. Kg6 {[%clk 01:06:32]} {[%emt
00:01:01]} Nc4 {[%clk 01:02:37]} {[%emt 00:00:12]} 49. f7+ {[%clk 01:06:56]}
{[%emt 00:00:05]} Kh8 {[%clk 01:02:56]} {[%emt 00:00:05]} 50. Bf6# {[%clk
01:07:23]} {[%emt 00:00:10]} 1-0